[Event "Benidorm op U2000 18th"]
[Site "Benidorm"]
[Date "2019.12.04"]
[Round "6"]
[White "Shreyas S, Nikam"]
[Black "Rincon Carrillo, Ricardo"]
[Result "1-0"]
[WhiteElo "1839"]
[BlackElo "1907"]
[PlyCount "61"]
[EventDate "2019.11.29"]
[EventType "swiss"]
[EventRounds "10"]
[EventCountry "ESP"]
[SourceTitle "EXT 2022"]
[Source "ChessBase"]
[SourceDate "2021.10.06"]
[SourceVersion "1"]
[SourceVersionDate "2021.10.06"]
[SourceQuality "1"]

1. d4 Nf6 2. Nf3 g6 3. Bf4 Bg7 4. e3 d6 5. h3 0-0 6. Be2 c5 7. c3 cxd4 8. exd4 Qb6 9. Qb3 Qxb3 10. axb3 Nd5 11. Bh2 Nc6 12. b4 Bh6 13. b5 Nd8 14. 0-0 Nf4 15. Bc4 Be6 16. Nbd2 Bxc4 17. Nxc4 Nde6 18. Rfe1 Rfc8 19. Ra4 Nd5 20. Ncd2 Kf8 21. Rea1 Ndc7 22. Rxa7 Rxa7 23. Rxa7 Rb8 24. b6 Nd5 25. Nc4 Bc1 26. Nxd6 Nef4 27. Bxf4 Nxf4 28. Rxb7 Rxb7 29. Nxb7 Nd5 30. Na5 Nxb6 31. b3 1-0